000 00871nam a22002415i 4500
001 53261
003 ES-MaACL
005 20250702221248.0
007 t|
008 950912s1873 sp ||||1| spa d
080 _a061.22(460.235 B.)
080 _a930.85(100)"18"
110 2 _aAteneu Barcelonès.
_92060
245 1 0 _aActa de la sesión pública celebrada en el Ateneo Barcelonés el día 30 de noviembre de 1872.
260 _aBarcelona :
_b[s.n.],
_c1873 (
_fNarciso Ramírez y Cª)
300 _a85 p. ;
_c24 cm.
594 _aIncluye: Discurso de Manuel Durán y Bas: Causas y caracteres de la actual situación moral y social de los pueblos europeos.
610 2 4 _aAteneu Barcelonès.
_92060
650 4 _aCivilización-
_yS.XIX.
_9146955
700 1 _aDurán y Bas, Manuel,
_d1823-1907
_946240
852 4 _aES-MaACL
_jT-154-F-3
999 _c53261
_d53261